El habla del niño: aprendiendo a usar el lenguaje

Saved in:
Bibliographic Details
Main Author: Bruner, Jerome Seymour (Author)
Format: Book
Language:Spanish
Published: Barcelona Paidós 1986
Series:Biblioteca Cognición y Desarrollo Humano, 3
Subjects:
Tags: Add Tag
No Tags, Be the first to tag this record!

MARC

LEADER 00000nam a2200000 a 4500
001 UCS3091
003 CL-VaPUC
005 20231113124513.0
008 970613e19860000SP |||||||||||||||||spa|d
999 |c 260939  |d 260937 
040 |c Pontificia Universidad Católica de Valparaíso 
082 0 4 |a 372.6  |b BRU  |2 21 
100 0 |a Bruner, Jerome Seymour  |e author  |9 343602 
245 1 3 |a El habla del niño: aprendiendo a usar el lenguaje 
260 |a Barcelona  |b Paidós  |c 1986 
300 |a 141 p 
490 0 |a Biblioteca Cognición y Desarrollo Humano, 3 
583 |a last modification  |c 19970613 00:00:00  |k Rodrigo Vera 
650 0 |a Comunicación   |9 257251  |x Niños 
650 0 |a Lenguaje   |9 265069  |x Niños 
650 0 |a Desarrollo del lenguaje   |9 311270  |x Niños 
942 |c BK  |2 ddc 
945 |d 19970613 00:00:00  |a rleighto 
952 |0 0  |1 0  |4 0  |6 372_600000000000000_BRU_1986  |7 0  |8 A  |9 287585  |a BIBEDU  |b BIBEDU  |d 2019-11-19  |i 3311635  |l 1  |o 372.6 BRU 1986  |p 3311635  |r 2022-03-24  |s 2022-03-04  |w 2019-11-19  |y BK  |k EDU 
952 |0 0  |1 0  |4 0  |6 372_600000000000000_BRU_1986  |7 0  |8 A  |9 287586  |a FDOPOS  |b BIBEDU  |d 2019-11-19  |i 3728846  |l 1  |o 372.6 BRU 1986  |p 3728846  |r 2024-11-07  |s 2024-11-07  |w 2019-11-19  |y BK  |k MLA